IPI : (Record no. 288)

MARC details
000 -LÍDER
Campo Fixo de Controle 00936nam a22002657a 4500
001 - NÚMERO DE CONTROLE
Campo de Controle 288
003 - IDENTIFICAÇÃO DO NÚMERO DE CONTROLE
Campo de Controle BR-CuiBMT
005 - DATA E HORA DA ÚLTIMA ATUALIZAÇÃO
Campo de Controle 20231129134952.0
008 - DADOS FIXOS
Dados Fixos 230926s2009 mgba 001 0 por d
020 ## - INTERNATIONAL STANDARD BOOK NUMBER
Nº do ISBN 9788577002207
040 ## - AGÊNCIA CATALOGADORA
Código da Agência Catalogadora BR-CuiBMT
Agência que transcreveu o registro BR-CuiBMT
080 ## - Nº DA CLASSIFICAÇÃO DECIMAL UNIVERSAL
Nº edição CDU 2007
Nº Class. CDU 336.22
090 ## - NÚMERO DE CHAMADA
Nº classificação 336.22
Cutter I64
245 00 - TÍTULO PRINCIPAL
Título principal IPI :
Subtítulo temas constitucionais polêmicos /
Indicação de responsabilidade Oswaldo Othon de Pontes Saraiva Filho, Marcos Aurélio Pereira Valadão (organizadores).
260 ## - PUBLICAÇÃO, DISTRIBUIÇÃO, ETC.
Local de publicação Belo Horizonte :
Editora Fórum,
Data 2009.
300 ## - DESCRIÇÃO FÍSICA
N. páginas ou volumes 496 p. :
Ilustrações il. ;
Dimensões 24 cm
490 1# - INDICAÇÃO DE SÉRIE
Título da série Coleção Fórum de direito tributário ;
Volume/designação sequencial da série v. 1
504 ## - NOTA DE BIBLIOGRAFIA, ETC.
Nota de bibliografia Inclui bibliografia e índice.
650 ## - ASSUNTO TÓPICO
Cabeçalho tópico ou nome geográfico Direito tributário
650 ## - ASSUNTO TÓPICO
Cabeçalho tópico ou nome geográfico Imposto sobre produtos industrializados
700 10 - ENTRADA SECUNDÁRIA -- NOME PESSOAL
Nome pessoal Saraiva Filho, Oswaldo Othon de Pontes
Cód. do termo explicativo org.
700 10 - ENTRADA SECUNDÁRIA -- NOME PESSOAL
Nome pessoal Valadão, Marcos Aurélio Pereira
Cód. do termo explicativo org.
830 #0 - ENTRADA SECUNDÁRIA DE SÉRIE -- TÍTULO UNIFORME
Título uniforme Coleção Fórum de direito tributário ;
Nº do volume/designação sequencial da série 1
942 ## - ELEMENTOS DE ENTRADA ADICIONAIS (KOHA)
Fonte de classificação ou esquema de arquivamento Classificação Decimal Universal
Tipo de item do Koha Livros
Holdings
Estado: removido Estado: perdido Fonte de classificação ou esquema de arquivamento Estado: danificado Indisponível para empréstimo Localização permanente Localização atual Data de aquisição Total Checkouts Número de Chamada completo Código de barras Date last seen Número do exemplar Preço efetivo a partir de Tipo de item (Koha)
    Classificação Decimal Universal     Biblioteca da Escola Superior de Contas do TCE/MT Biblioteca da Escola Superior de Contas do TCE/MT 28/06/2023   336.22 I64 BIBTCEMT23090070 26/09/2023 Ex. 1 26/09/2023 Livros

Powered by Koha